[Event "Thüringenliga 2011/2012"]
[Site "?"]
[Date "2012.02.05"]
[Round "6"]
[White "Hüllenhagen, Andreas"]
[Black "Dittrich, Hans-Georg"]
[Result "1-0"]
[WhiteElo "1646"]
[BlackElo "1660"]
[PlyCount "141"]
[EventDate "2011.??.??"]
[WhiteTeam "SC 51 Nordhausen"]
[BlackTeam "SG Blau-Weiß Stadtilm"]

1. d4 Nf6 2. Nf3 d5 3. e3 e6 4. Bd3 c5 5. c3 Nc6 6. Nbd2 Be7 7. O-O O-O 8. Qe2
Qc7 9. dxc5 e5 10. e4 Bxc5 11. Re1 d4 12. Nb3 Bb6 13. cxd4 Bg4 14. d5 Nd4 15.
Nbxd4 Bxd4 16. Be3 Bxf3 17. gxf3 Qb6 18. f4 exf4 19. Bxf4 Rfe8 20. Be3 Nxe4 21.
Bxd4 Qxd4 22. Bxe4 f5 23. Qd3 Rxe4 24. Qxd4 Rxd4 25. Rac1 Rxd5 26. Re7 f4 27.
Rcc7 f3 28. Rxg7+ Kh8 29. Rxh7+ Kg8 30. Rhg7+ Kh8 31. h3 Re8 32. Kh2 Rd2 33.
Kg3 Ree2 34. Rgf7 Kg8 35. Rxb7 Rxf2 36. Rxf3 Rg2+ 37. Kf4 Rxb2 38. Rxb2 Rxb2
39. Ra3 Rb7 40. Ra6 Kf8 41. h4 Rf7+ 42. Kg4 Rg7+ 43. Kh3 Ke8 44. h5 Kf8 45. h6
Rf7 46. Kg4 Kg8 47. Kg5 Kh7 48. a4 Rd7 49. a5 Rf7 50. Rc6 Rd7 51. a6 Rf7 52.
Re6 Rc7 53. Kf5 Rd7 54. Ke5 Rf7 55. Kd5 Rf1 56. Kc6 Rf7 57. Rd6 Rf1 58. Kb7
Rb1+ 59. Kxa7 Rb2 60. Rb6 Rf2 61. Rb7+ Kxh6 62. Kb6 Rb2+ 63. Kc7 Rc2+ 64. Kb8
Rg2 65. a7 Rg8+ 66. Kc7 Rg7+ 67. Kb6 Rg6+ 68. Ka5 Rg5+ 69. Ka6 Rg1 70. Rb6+ Kh5
71. a8=Q 1-0

[Event "Thüringenliga 2011/2012"]
[Site "?"]
[Date "2012.02.05"]
[Round "6"]
[White "Noack, Rolf"]
[Black "Viererbe, Hartmut"]
[Result "1/2-1/2"]
[WhiteElo "1460"]
[BlackElo "1610"]
[PlyCount "37"]
[EventDate "2011.??.??"]
[WhiteTeam "SG Blau-Weiß Stadtilm"]
[BlackTeam "SC 51 Nordhausen"]

1. d4 Nf6 2. Nf3 e6 3. Bg5 h6 4. Bh4 b6 5. e3 Bb7 6. Be2 Be7 7. O-O d6 8. c4
Nbd7 9. Nc3 O-O 10. Nd2 c5 11. Bf3 Bxf3 12. Nxf3 cxd4 13. exd4 Rc8 14. Nd2 Re8
15. Rc1 d5 16. Ne2 dxc4 17. Nxc4 Nd5 18. Bg3 N7f6 19. Ne5 1/2-1/2

[Event "Thüringenliga 2011/2012"]
[Site "?"]
[Date "2012.02.05"]
[Round "6"]
[White "du Maire, Jérôme"]
[Black "Müller, Michael"]
[Result "1-0"]
[WhiteElo "2005"]
[BlackElo "2243"]
[PlyCount "79"]
[EventDate "2011.??.??"]
[WhiteTeam "SV 1861 Liebschwitz"]
[BlackTeam "SSV Vimaria 91 Weimar"]

1. c4 c5 2. Nf3 Nc6 3. d4 cxd4 4. Nxd4 g6 5. e4 Bg7 6. Be3 Nf6 7. Nc3 d6 8. Be2
Bd7 9. f4 h5 10. h3 Rc8 11. O-O O-O 12. Qd2 Nxd4 13. Bxd4 Bc6 14. Bf3 b6 15.
Rad1 Qc7 16. b3 Qb7 17. Qe2 Rfe8 18. e5 dxe5 19. fxe5 Nh7 20. e6 f6 21. Bxc6
Qxc6 22. Bf2 Rcd8 23. Rxd8 Rxd8 24. Nd5 Re8 25. Qe4 Qc8 26. Qxg6 Ng5 27. Re1
Kf8 28. Qf5 Rd8 29. h4 Nf7 30. Qxh5 Nh8 31. Qf5 Rd6 32. Bg3 Rc6 33. h5 Nf7 34.
Bf4 Nd8 35. h6 Bh8 36. Qh7 Rxe6 37. Qxh8+ Kf7 38. Qg7+ Ke8 39. Qg8+ Kd7 40.
Rxe6 1-0

[Event "Thüringenliga 2011/2012"]
[Site "?"]
[Date "2012.02.05"]
[Round "6"]
[White "Albrecht, Jürgen"]
[Black "Zeidler, Andreas"]
[Result "1/2-1/2"]
[WhiteElo "2101"]
[BlackElo "2119"]
[PlyCount "77"]
[EventDate "2011.??.??"]
[WhiteTeam "SSV Vimaria 91 Weimar"]
[BlackTeam "SV 1861 Liebschwitz"]

1. e4 d6 2. d4 Nf6 3. Nc3 e5 4. Nf3 Nbd7 5. Bc4 Be7 6. O-O O-O 7. a4 a5 8. Re1
c6 9. Ba2 Qc7 10. h3 exd4 11. Nxd4 Nc5 12. Bf4 Nfd7 13. Qd2 Ne5 14. Bg3 Be6 15.
Nxe6 Nxe6 16. f4 Nd7 17. Rad1 Nec5 18. Kh2 Rad8 19. e5 dxe5 20. fxe5 Ne6 21.
Qe2 Ndc5 22. Ne4 Nxe4 23. Qxe4 Rxd1 24. Rxd1 Rd8 25. Rf1 Bc5 26. Qf5 Re8 27. c3
Qd7 28. Rf3 g6 29. Rd3 Qc7 30. Qg4 Bf8 31. Bxe6 fxe6 32. Qd1 Be7 33. Qb3 Qc8
34. Qb6 Bd8 35. Qd4 Be7 36. Qd7 Kf8 37. Rf3+ Kg8 38. Rd3 Kf8 39. Rf3+ 1/2-1/2

[Event "Thüringenliga 2011/2012"]
[Site "?"]
[Date "2012.02.05"]
[Round "6"]
[White "Hermannsdörfer, Frank"]
[Black "Riedel, Finn"]
[Result "1/2-1/2"]
[WhiteElo "2145"]
[BlackElo "2027"]
[PlyCount "128"]
[EventDate "2011.??.??"]
[WhiteTeam "SV 1861 Liebschwitz"]
[BlackTeam "SSV Vimaria 91 Weimar"]

1. b3 e5 2. Bb2 d6 3. e3 Nf6 4. c4 Nc6 5. d3 d5 6. cxd5 Bb4+ 7. Nd2 Nxd5 8. a3
Be7 9. b4 a6 10. Ngf3 f6 11. d4 exd4 12. Nxd4 Nxd4 13. Bxd4 O-O 14. Bc4 Kh8 15.
Qf3 Be6 16. O-O c6 17. Rfd1 Qe8 18. Bb2 Qg6 19. h3 f5 20. Nf1 Bf6 21. Bxf6 Qxf6
22. Rd4 Nxb4 23. Rb1 Bxc4 24. Rxc4 Nd3 25. Rd4 Ne5 26. Qd1 b5 27. Rd6 Qe7 28.
f4 Nc4 29. Rxc6 Nxa3 30. Ra1 b4 31. Rac1 Nb5 32. R1c5 Rfd8 33. Qb1 Qe4 34. Qb3
Nc3 35. Rc4 Qe8 36. Qxb4 Nd5 37. Qa3 a5 38. Kh2 Nb4 39. Rc7 Nd5 40. Rb7 Rd7 41.
Rb5 Rc7 42. Rxc7 Qxb5 43. Rc5 Qb4 44. Qc1 Ne7 45. Rc4 Qb5 46. Rc7 Qb4 47. Ng3
Kg8 48. Nxf5 Nxf5 49. Qc6 Rf8 50. Qd5+ Kh8 51. Qe5 Qd6 52. Qc3 a4 53. g4 Ne7
54. Ra7 Rd8 55. Rxa4 Qd2+ 56. Qxd2 Rxd2+ 57. Kg3 Kg8 58. Ra8+ Kf7 59. Ra7 Rd3
60. Kf3 Rd6 61. f5 Kf6 62. g5+ Kf7 63. Kf4 Kf8 64. Ra8+ Kf7 1/2-1/2

[Event "Thüringenliga 2011/2012"]
[Site "?"]
[Date "2012.02.05"]
[Round "6"]
[White "Katzer, Michael"]
[Black "Stiefel, Roland"]
[Result "1/2-1/2"]
[WhiteElo "1848"]
[BlackElo "1985"]
[PlyCount "63"]
[EventDate "2011.??.??"]
[WhiteTeam "SV 1861 Liebschwitz"]
[BlackTeam "SSV Vimaria 91 Weimar"]

1. d4 c5 2. e3 e6 3. Nf3 Nf6 4. Bd3 b6 5. O-O Bb7 6. Nbd2 Nc6 7. c3 Qc7 8. Ne4
Nxe4 9. Bxe4 d5 10. Bb1 Be7 11. e4 dxe4 12. Bxe4 cxd4 13. Nxd4 Nxd4 14. Qxd4
Bxe4 15. Qxe4 O-O 16. Bf4 Bd6 17. Bxd6 Qxd6 18. Rfd1 Qe7 19. Rd4 Rad8 20. Rad1
Rxd4 21. Qxd4 Re8 22. c4 Kf8 23. a3 Rc8 24. b4 Qc7 25. h3 a5 26. Qh4 h6 27. Qd4
axb4 28. axb4 e5 29. Qd5 f6 30. Qb5 Ke7 31. Rc1 Qc6 32. Qxc6 1/2-1/2

[Event "Thüringenliga 2011/2012"]
[Site "?"]
[Date "2012.02.05"]
[Round "6"]
[White "Gulich, Christian"]
[Black "Gerhardt, Frank"]
[Result "1/2-1/2"]
[WhiteElo "1963"]
[BlackElo "2037"]
[PlyCount "42"]
[EventDate "2011.??.??"]
[WhiteTeam "SSV Vimaria 91 Weimar"]
[BlackTeam "SV 1861 Liebschwitz"]

1. e4 c5 2. Nf3 Nc6 3. d4 cxd4 4. Nxd4 Nf6 5. Nc3 e5 6. Ndb5 d6 7. Bg5 a6 8.
Na3 b5 9. Nd5 Be7 10. Bxf6 Bxf6 11. c3 Bg5 12. Nc2 O-O 13. a4 bxa4 14. Rxa4 a5
15. Bc4 Rb8 16. Ra2 Kh8 17. Nce3 Bxe3 18. Nxe3 Ne7 19. O-O f5 20. exf5 Nxf5 21.
Nxf5 Bxf5 1/2-1/2

[Event "Thüringenliga 2011/2012"]
[Site "?"]
[Date "2012.02.05"]
[Round "6"]
[White "Kastner, Peter"]
[Black "Mysliwiec, Jörg"]
[Result "1/2-1/2"]
[WhiteElo "1994"]
[BlackElo "1998"]
[PlyCount "25"]
[EventDate "2011.??.??"]
[WhiteTeam "SV 1861 Liebschwitz"]
[BlackTeam "SSV Vimaria 91 Weimar"]

1. Nf3 Nf6 2. g3 b6 3. Bg2 Bb7 4. O-O e6 5. c4 Be7 6. b3 O-O 7. Bb2 c5 8. d3
Qc7 9. Nbd2 Nc6 10. Rc1 Rac8 11. Qc2 d5 12. cxd5 exd5 13. d4 1/2-1/2

[Event "Thüringenliga 2011/2012"]
[Site "?"]
[Date "2012.02.05"]
[Round "6"]
[White "Anschütz, Mario"]
[Black "Biel, Maik"]
[Result "0-1"]
[WhiteElo "1809"]
[BlackElo "1998"]
[PlyCount "52"]
[EventDate "2011.??.??"]
[WhiteTeam "SSV Vimaria 91 Weimar"]
[BlackTeam "SV 1861 Liebschwitz"]

1. d4 Nf6 2. c4 g6 3. Nc3 d5 4. cxd5 Nxd5 5. e4 Nxc3 6. bxc3 c5 7. Bb5+ Bd7 8.
Bxd7+ Qxd7 9. Ne2 Bg7 10. O-O O-O 11. Be3 cxd4 12. cxd4 Nc6 13. Rb1 Na5 14. Qd3
Rfc8 15. Rfc1 b6 16. Qa6 Rxc1+ 17. Rxc1 Nb7 18. f3 Nd6 19. d5 f5 20. Bxb6 fxe4
21. f4 Nf5 22. Rc7 Qxd5 23. Rxa7 Rb8 24. Kf2 Rxb6 25. Qxb6 e3+ 26. Ke1 Qd2+ 0-1

[Event "Thüringenliga 2011/2012"]
[Site "?"]
[Date "2012.02.05"]
[Round "6"]
[White "Goemann, Jens"]
[Black "Manicke, Hans-Joachim"]
[Result "1/2-1/2"]
[WhiteElo "2113"]
[BlackElo "1921"]
[PlyCount "28"]
[EventDate "2011.??.??"]
[WhiteTeam "TSG Apolda"]
[BlackTeam "VfL 1990 Gera"]

1. c4 e5 2. Nc3 Nf6 3. Nf3 Nc6 4. g3 Bb4 5. Bg2 O-O 6. O-O e4 7. Ng5 Bxc3 8.
dxc3 Re8 9. Nh3 h6 10. Nf4 d6 11. h3 Bf5 12. Be3 Ne5 13. b3 c6 14. g4 Bh7
1/2-1/2

[Event "Thüringenliga 2011/2012"]
[Site "?"]
[Date "2012.02.05"]
[Round "6"]
[White "Seidens, Gunter"]
[Black "Maiwald, Harald"]
[Result "0-1"]
[WhiteElo "2017"]
[BlackElo "2005"]
[PlyCount "60"]
[EventDate "2011.??.??"]
[WhiteTeam "VfL 1990 Gera"]
[BlackTeam "TSG Apolda"]

1. c4 Nf6 2. Nc3 d5 3. cxd5 Nxd5 4. g3 g6 5. Bg2 Nb6 6. Nf3 Bg7 7. O-O O-O 8.
d3 Nc6 9. Be3 e5 10. Qd2 Re8 11. Bh6 Nd4 12. Nxd4 exd4 13. Ne4 Qe7 14. Rfe1 Be6
15. Bxg7 Kxg7 16. Qa5 Nd5 17. Nc5 b6 18. Nxe6+ fxe6 19. Qd2 Rad8 20. Rac1 c5
21. a3 Rf8 22. Rf1 Rf5 23. Be4 Rf6 24. h4 Qd6 25. Kg2 Rdf8 26. Bf3 h6 27. Rc4
Rf5 28. Rfc1 g5 29. hxg5 Rxg5 30. Bxd5 Rxf2+ 0-1

[Event "Thüringenliga 2011/2012"]
[Site "?"]
[Date "2012.02.05"]
[Round "6"]
[White "Rohmeiß, Roberto"]
[Black "Kretzschmar, Bernd"]
[Result "1-0"]
[WhiteElo "2035"]
[BlackElo "1879"]
[PlyCount "105"]
[EventDate "2011.??.??"]
[WhiteTeam "TSG Apolda"]
[BlackTeam "VfL 1990 Gera"]

1. d4 d5 2. c4 c6 3. e3 Nf6 4. Nf3 a6 5. Nc3 b5 6. cxd5 cxd5 7. Bd3 Bg4 8. h3
Bh5 9. a4 b4 10. Na2 e6 11. Bd2 a5 12. Bb5+ Nfd7 13. Rc1 Bd6 14. g4 Bg6 15. h4
Be4 16. Rh3 h6 17. Qe2 Ra7 18. Ne5 Bxe5 19. dxe5 Rc7 20. f3 Rxc1+ 21. Nxc1 Bg6
22. e4 dxe4 23. f4 h5 24. Nb3 hxg4 25. Qxg4 Kf8 26. Rh2 Bf5 27. Qg3 g6 28. Be3
Qc7 29. Rd2 Nb6 30. Bc5+ Kg7 31. Bd6 Qd8 32. Bxb4 Nd5 33. Bd6 Rxh4 34. Nd4 Qh8
35. Nxf5+ exf5 36. Rxd5 Rh1+ 37. Bf1 Qc8 38. Rc5 Qb7 39. Qg2 Rh4 40. Rb5 Qc6
41. Qd2 Nd7 42. Rxa5 g5 43. fxg5 f4 44. Qc3 Qb6 45. e6+ Kh7 46. Ra8 Kg6 47.
Rg8+ Kf5 48. Bh3+ Rg4 49. exd7 Qg1+ 50. Kd2 e3+ 51. Kc2 Qh2+ 52. Kb3 Qxh3 53.
Qe5# 1-0

[Event "Thüringenliga 2011/2012"]
[Site "?"]
[Date "2012.02.05"]
[Round "6"]
[White "Huster, Mike"]
[Black "Schmidt, Matthias"]
[Result "1/2-1/2"]
[WhiteElo "1908"]
[BlackElo "1939"]
[PlyCount "56"]
[EventDate "2011.??.??"]
[WhiteTeam "VfL 1990 Gera"]
[BlackTeam "TSG Apolda"]

1. d4 Nf6 2. Nf3 b6 3. g3 Bb7 4. Bg2 e6 5. O-O Be7 6. c4 O-O 7. Nc3 d5 8. Ne5
Nbd7 9. Qa4 Nxe5 10. dxe5 Ne4 11. Rd1 Nxc3 12. bxc3 c6 13. cxd5 cxd5 14. c4 Qc7
15. Bf4 Rfd8 16. cxd5 Bxd5 17. Bxd5 Rxd5 18. Rxd5 exd5 19. e6 Qb7 20. Rc1 Bc5
21. exf7+ Qxf7 22. Qc6 Rf8 23. h4 d4 24. Rc2 Qf5 25. Rd2 h6 26. f3 d3+ 27. Kg2
dxe2 28. Rxe2 Kh7 1/2-1/2

[Event "Thüringenliga 2011/2012"]
[Site "?"]
[Date "2012.02.05"]
[Round "6"]
[White "Steiger, Jürgen"]
[Black "Richter, Sven"]
[Result "1-0"]
[WhiteElo "1932"]
[BlackElo "1948"]
[PlyCount "51"]
[EventDate "2011.??.??"]
[WhiteTeam "TSG Apolda"]
[BlackTeam "VfL 1990 Gera"]

1. e4 g6 2. d4 Bg7 3. Nc3 c5 4. Be3 Qa5 5. Qd2 cxd4 6. Bxd4 Bxd4 7. Qxd4 Nf6 8.
Bc4 Nc6 9. Qe3 Qb4 10. Bb3 Qd4 11. Qe2 d6 12. Nf3 Qc5 13. Nd5 Nxd5 14. exd5 Nd4
15. Nxd4 Qxd4 16. O-O Qxb2 17. Rfe1 Qf6 18. Rad1 Bd7 19. Rd4 Kf8 20. Qe3 Kg7
21. Rf4 Qe5 22. Qd2 Qb2 23. Rxe7 Bf5 24. g4 Rhe8 25. Rxe8 Rxe8 26. gxf5 1-0

[Event "Thüringenliga 2011/2012"]
[Site "?"]
[Date "2012.02.05"]
[Round "6"]
[White "Schönfeld, Volker"]
[Black "Krug, Klaus-Peter"]
[Result "1/2-1/2"]
[WhiteElo "1850"]
[BlackElo "1954"]
[PlyCount "53"]
[EventDate "2011.??.??"]
[WhiteTeam "VfL 1990 Gera"]
[BlackTeam "TSG Apolda"]

1. e4 c5 2. c3 Nf6 3. e5 Nd5 4. d4 cxd4 5. Qxd4 e6 6. Nf3 Nc6 7. Qe4 Qc7 8. Bc4
Nb6 9. Bb3 d5 10. exd6 Bxd6 11. Nbd2 h6 12. O-O Bd7 13. Re1 O-O-O 14. a4 Na5
15. Bc2 Bc6 16. Qe2 Bd5 17. Be4 Rhe8 18. g3 g5 19. Nd4 a6 20. Nf1 Kb8 21. Bd2
Bc4 22. Qd1 Bc5 23. b4 Bxf1 24. bxc5 Nbc4 25. Kxf1 e5 26. Nf3 g4 27. Qc2
1/2-1/2

[Event "Thüringenliga 2011/2012"]
[Site "?"]
[Date "2012.02.05"]
[Round "6"]
[White "Neubauer, Ralf"]
[Black "Piontek, Michael"]
[Result "1-0"]
[WhiteElo "1848"]
[BlackElo "1851"]
[PlyCount "39"]
[EventDate "2011.??.??"]
[WhiteTeam "TSG Apolda"]
[BlackTeam "VfL 1990 Gera"]

1. d4 Nf6 2. c4 g6 3. Nc3 d5 4. Bf4 Bg7 5. e3 c6 6. Nf3 O-O 7. h3 dxc4 8. Bxc4
b5 9. Bd3 b4 10. Na4 Ba6 11. O-O Nd5 12. Bg3 Qa5 13. Nc5 Bb5 14. a4 Ba6 15. Qe2
Bc8 16. Rac1 Nd7 17. Nb3 Qb6 18. a5 Qb7 19. Qc2 Nb8 20. Nc5 1-0

[Event "Thüringenliga 2011/2012"]
[Site "?"]
[Date "2012.02.05"]
[Round "6"]
[White "Walther, Thomas"]
[Black "Römer, Norbert"]
[Result "0-1"]
[WhiteElo "1839"]
[BlackElo "1803"]
[PlyCount "44"]
[EventDate "2011.??.??"]
[WhiteTeam "VfL 1990 Gera"]
[BlackTeam "TSG Apolda"]

1. e4 c6 2. d4 d5 3. exd5 cxd5 4. c4 Nf6 5. Nc3 Nc6 6. Nf3 Bg4 7. Be3 e6 8. a3
Be7 9. c5 O-O 10. Be2 Ne4 11. Qc2 f5 12. h3 Bh5 13. Ne5 f4 14. Nxc6 bxc6 15.
Bxh5 fxe3 16. Nxe4 dxe4 17. O-O-O Qd5 18. Bg4 Rxf2 19. Be2 Rb8 20. Rdf1 Qa2 21.
Rxf2 exf2 22. Kd2 Rxb2 0-1

[Event "Thüringenliga 2011/2012"]
[Site "?"]
[Date "2012.03.04"]
[Round "7"]
[White "Buring, Matthias"]
[Black "Kuntze, Andreas"]
[Result "1/2-1/2"]
[WhiteElo "1924"]
[BlackElo "2025"]
[PlyCount "23"]
[EventDate "2011.??.??"]
[WhiteTeam "SG Arnstadt-Stadtilm"]
[BlackTeam "SC 51 Nordhausen"]

1. d4 d6 2. e4 Nf6 3. Bd3 e5 4. c3 Nc6 5. Ne2 g6 6. O-O Bg7 7. f4 O-O 8. d5 Ne7
9. fxe5 dxe5 10. Bg5 Qd6 11. Bxf6 Bxf6 12. Nd2 1/2-1/2

[Event "Thüringenliga 2011/2012"]
[Site "?"]
[Date "2012.03.04"]
[Round "7"]
[White "Anisheva, Varvara"]
[Black "Seidel, Thomas"]
[Result "1/2-1/2"]
[WhiteElo "2008"]
[BlackElo "1945"]
[PlyCount "20"]
[EventDate "2011.??.??"]
[WhiteTeam "SC 51 Nordhausen"]
[BlackTeam "SG Arnstadt-Stadtilm"]

1. e4 e6 2. d3 d5 3. Nd2 c5 4. g3 Nc6 5. Bg2 Nf6 6. Ngf3 Be7 7. O-O O-O 8. Re1
dxe4 9. dxe4 e5 10. c3 Qc7 1/2-1/2

[Event "Thüringenliga 2011/2012"]
[Site "?"]
[Date "2012.03.04"]
[Round "7"]
[White "Königsmann, Marcus"]
[Black "Bächer, Reinhard"]
[Result "1/2-1/2"]
[WhiteElo "1883"]
[BlackElo "1881"]
[PlyCount "30"]
[EventDate "2011.??.??"]
[WhiteTeam "SC 51 Nordhausen"]
[BlackTeam "SG Arnstadt-Stadtilm"]

1. e4 c6 2. d4 d5 3. e5 Bf5 4. Nf3 e6 5. Be2 Nd7 6. O-O c5 7. c3 Ne7 8. Nh4
cxd4 9. cxd4 Bg6 10. Nc3 Nc6 11. Nxg6 hxg6 12. Be3 a6 13. Qd2 Nb6 14. Rac1 Rc8
15. a3 Na5 1/2-1/2

[Event "Thüringenliga 2011/2012"]
[Site "?"]
[Date "2012.03.04"]
[Round "7"]
[White "Marufke, Kai"]
[Black "Schilling, Rolf"]
[Result "1/2-1/2"]
[WhiteElo "1829"]
[BlackElo "1960"]
[PlyCount "23"]
[EventDate "2011.??.??"]
[WhiteTeam "SG Arnstadt-Stadtilm"]
[BlackTeam "SC 51 Nordhausen"]

1. e4 e5 2. Nf3 Nc6 3. Bc4 Nf6 4. Nc3 Bc5 5. O-O d6 6. h3 O-O 7. d3 h6 8. a3
Be6 9. b4 Bb6 10. Nd5 Bxd5 11. Bxd5 Nxd5 12. exd5 1/2-1/2

[Event "Thüringenliga 2011/2012"]
[Site "?"]
[Date "2012.03.04"]
[Round "7"]
[White "Montag, Andreas"]
[Black "Schätz, Bianca"]
[Result "1/2-1/2"]
[WhiteElo "1681"]
[BlackElo "1785"]
[PlyCount "37"]
[EventDate "2011.??.??"]
[WhiteTeam "SC 51 Nordhausen"]
[BlackTeam "SG Arnstadt-Stadtilm"]

1. d4 d5 2. Nf3 Nf6 3. e3 e6 4. Nbd2 c5 5. c3 Nc6 6. Bd3 Bd6 7. O-O O-O 8. Qe2
cxd4 9. exd4 Qc7 10. Re1 h6 11. Ne5 Nd7 12. Ndf3 Ncxe5 13. Nxe5 Nxe5 14. dxe5
Be7 15. Qg4 Kh8 16. Qh5 Kg8 17. Qg4 Kh8 18. Qh5 Kg8 19. Qg4 1/2-1/2

[Event "Thüringenliga 2011/2012"]
[Site "?"]
[Date "2012.03.04"]
[Round "7"]
[White "Schumacher, Andreas"]
[Black "Koksch, Florian"]
[Result "1/2-1/2"]
[WhiteElo "1688"]
[BlackElo "1692"]
[PlyCount "21"]
[EventDate "2011.??.??"]
[WhiteTeam "SG Arnstadt-Stadtilm"]
[BlackTeam "SC 51 Nordhausen"]

1. d4 d5 2. c4 e6 3. Nc3 Nf6 4. cxd5 exd5 5. Bg5 Be7 6. Qc2 c6 7. e3 Be6 8. Bd3
h6 9. Bh4 Nbd7 10. f4 Ng4 11. Bf2 1/2-1/2

[Event "Thüringenliga 2011/2012"]
[Site "?"]
[Date "2012.03.04"]
[Round "7"]
[White "Reichardt, Hans-Ulrich"]
[Black "Habl, Klaus"]
[Result "1/2-1/2"]
[WhiteElo "1701"]
[BlackElo "1682"]
[PlyCount "22"]
[EventDate "2011.??.??"]
[WhiteTeam "SC 51 Nordhausen"]
[BlackTeam "SG Arnstadt-Stadtilm"]

1. Nf3 d5 2. b3 Nf6 3. Bb2 e6 4. d3 Be7 5. Nbd2 O-O 6. g3 c5 7. Bg2 Nc6 8. O-O
b6 9. c3 Bb7 10. Qc2 Rc8 11. Rae1 e5 1/2-1/2

[Event "Thüringenliga 2011/2012"]
[Site "?"]
[Date "2012.03.04"]
[Round "7"]
[White "Seidens, Gunter"]
[Black "du Maire, Jérôme"]
[Result "1/2-1/2"]
[WhiteElo "2017"]
[BlackElo "1987"]
[PlyCount "88"]
[EventDate "2011.??.??"]
[WhiteTeam "VfL 1990 Gera"]
[BlackTeam "SV 1861 Liebschwitz"]

1. d4 Nf6 2. Nf3 e6 3. Bg5 d5 4. e3 Be7 5. Bd3 h6 6. Bf4 c5 7. c3 Qb6 8. Qe2
Bd7 9. b3 Nc6 10. O-O O-O 11. Nbd2 cxd4 12. exd4 Rac8 13. Rad1 Qa5 14. Nb1 a6
15. Kh1 Nh5 16. Bc1 Qc7 17. Ne5 Nf6 18. f4 Rce8 19. Bb2 Bc8 20. Nd2 Nd7 21. Bb1
Ndxe5 22. fxe5 f5 23. exf6 Bxf6 24. Qd3 g5 25. Nf3 Qg7 26. Ba3 Be7 27. Bxe7
Rxe7 28. Kg1 Ref7 29. Qe3 Bd7 30. Bd3 Rf4 31. b4 Qf6 32. Ne5 Nxe5 33. dxe5 Qe7
34. g3 Rxf1+ 35. Rxf1 Rxf1+ 36. Kxf1 Qf7+ 37. Qf2 Bb5 38. Bxb5 axb5 39. Qxf7+
Kxf7 40. g4 Ke7 41. Ke2 Kd7 42. Ke3 Kc6 43. Kd4 Kb6 44. Ke3 Kc6 1/2-1/2

[Event "Thüringenliga 2011/2012"]
[Site "?"]
[Date "2012.03.04"]
[Round "7"]
[White "Zeidler, Andreas"]
[Black "Kretzschmar, Bernd"]
[Result "1-0"]
[WhiteElo "2119"]
[BlackElo "1879"]
[PlyCount "135"]
[EventDate "2011.??.??"]
[WhiteTeam "SV 1861 Liebschwitz"]
[BlackTeam "VfL 1990 Gera"]

1. d4 g6 2. e4 Bg7 3. f4 d6 4. Nc3 c6 5. Be3 b5 6. a3 Nd7 7. Nf3 a6 8. Be2 Qc7
9. O-O Bb7 10. Ng5 h6 11. Nf3 Ngf6 12. e5 Ng4 13. Bc1 h5 14. Ng5 Nh6 15. e6 Nf8
16. exf7+ Nxf7 17. Nxf7 Kxf7 18. f5 c5 19. fxg6+ Ke8 20. d5 Nd7 21. Bxh5 Nf6
22. Bf3 Qd7 23. Bg5 Qf5 24. h4 Qxg6 25. Qe2 Bc8 26. Rae1 Ra7 27. Ne4 Nxe4 28.
Bxe4 Bd4+ 29. Rf2 Bf5 30. Bxf5 Qxf5 31. Be3 Qxd5 32. Qg4 Ra8 33. Bxd4 Qxd4 34.
Qxd4 cxd4 35. Rf4 Rc8 36. Re2 e5 37. Rxd4 Kd7 38. Rxe5 Rxc2 39. Red5 Rh6 40. a4
Rxb2 41. axb5 axb5 42. h5 Kc6 43. Kh2 b4 44. Kh3 b3 45. Rf5 Rc2 46. g4 b2 47.
Rb4 d5 48. Rf3 d4 49. Rfb3 Kd5 50. Rxb2 d3 51. Rb1 Re6 52. Rd1 d2 53. Rb8 Ke4
54. Rd8 Ke3 55. Kh4 Ke2 56. R1xd2+ Rxd2 57. Rxd2+ Kxd2 58. g5 Ke3 59. g6 Kf4
60. g7 Re1 61. Kh3 Kf3 62. Kh2 Re4 63. h6 Rh4+ 64. Kg1 Rg4+ 65. Kf1 Rh4 66.
g8=Q Rh1+ 67. Qg1 Rxh6 68. Qg2+ 1-0

[Event "Thüringenliga 2011/2012"]
[Site "?"]
[Date "2012.03.04"]
[Round "7"]
[White "Huster, Mike"]
[Black "Hermannsdörfer, Frank"]
[Result "1-0"]
[WhiteElo "1908"]
[BlackElo "2145"]
[PlyCount "59"]
[EventDate "2011.??.??"]
[WhiteTeam "VfL 1990 Gera"]
[BlackTeam "SV 1861 Liebschwitz"]

1. d4 d6 2. e4 Nf6 3. Nd2 e5 4. c3 c6 5. Bd3 Be7 6. Ne2 Qc7 7. a4 a5 8. O-O Na6
9. f4 exd4 10. cxd4 Nb4 11. Nf3 Nxd3 12. Qxd3 d5 13. Ng3 dxe4 14. Nxe4 Nxe4 15.
Qxe4 O-O 16. f5 Bf6 17. g4 Qe7 18. Qf4 h6 19. Bd2 Rd8 20. Rae1 Qd7 21. Re4 c5
22. h4 cxd4 23. g5 hxg5 24. hxg5 Be7 25. Ne5 Qd5 26. Rfe1 Bf8 27. g6 fxg6 28.
fxg6 Be6 29. Qh4 Bb4 30. Rf4 1-0

[Event "Thüringenliga 2011/2012"]
[Site "?"]
[Date "2012.03.04"]
[Round "7"]
[White "Weiß, Werner"]
[Black "Richter, Sven"]
[Result "0-1"]
[WhiteElo "2032"]
[BlackElo "1948"]
[PlyCount "102"]
[EventDate "2011.??.??"]
[WhiteTeam "SV 1861 Liebschwitz"]
[BlackTeam "VfL 1990 Gera"]

1. Nf3 Nf6 2. g3 g6 3. Bg2 Bg7 4. O-O O-O 5. d3 c5 6. e4 d6 7. Re1 Nc6 8. c3
Bg4 9. h3 Bxf3 10. Qxf3 Rc8 11. Qe2 e5 12. Bg5 Qd7 13. a3 Kh8 14. b4 cxb4 15.
axb4 a6 16. Nd2 h6 17. Be3 d5 18. Bc5 Rfd8 19. Bb6 Re8 20. Nb3 d4 21. cxd4 Nxb4
22. dxe5 Rxe5 23. d4 Rb5 24. Bc5 b6 25. Bxb4 Rxb4 26. Qf3 Qe6 27. d5 Qe5 28.
Rac1 Rxc1 29. Nxc1 Rb1 30. Rf1 a5 31. Kh2 Qc7 32. Nd3 Rb3 33. Qd1 Qc3 34. Nc1
Rb2 35. Qd3 Nd7 36. f4 Nc5 37. Qxc3 Bxc3 38. Rf3 Nxe4 39. Rd3 Bb4 40. Rd4 Nd6
41. Rd1 Rd2 42. Rf1 a4 43. Rf3 Rxd5 44. Nd3 Rd4 45. Nxb4 Rxb4 46. Rd3 Nf5 47.
Bc6 Nd4 48. Bd5 Kg7 49. Kg1 b5 50. Kf2 Rb2+ 51. Kf1 Nc2 0-1

[Event "Thüringenliga 2011/2012"]
[Site "?"]
[Date "2012.03.04"]
[Round "7"]
[White "Schönfeld, Volker"]
[Black "Katzer, Michael"]
[Result "1/2-1/2"]
[WhiteElo "1856"]
[BlackElo "1848"]
[PlyCount "35"]
[EventDate "2011.??.??"]
[WhiteTeam "VfL 1990 Gera"]
[BlackTeam "SV 1861 Liebschwitz"]

1. e4 c6 2. d4 d5 3. exd5 cxd5 4. Bd3 Nc6 5. c3 Nf6 6. Bf4 Bg4 7. Qb3 Qd7 8.
Nd2 e6 9. Ngf3 Bxf3 10. Nxf3 Bd6 11. Bxd6 Qxd6 12. O-O O-O 13. Rfe1 Rab8 14. h3
b5 15. a3 Rb6 16. Ne5 Rfb8 17. Qc2 Ne7 18. Qe2 1/2-1/2

[Event "Thüringenliga 2011/2012"]
[Site "?"]
[Date "2012.03.04"]
[Round "7"]
[White "Gerhardt, Frank"]
[Black "Piontek, Michael"]
[Result "1/2-1/2"]
[WhiteElo "2037"]
[BlackElo "1851"]
[PlyCount "114"]
[EventDate "2011.??.??"]
[WhiteTeam "SV 1861 Liebschwitz"]
[BlackTeam "VfL 1990 Gera"]

1. e4 e6 2. d4 d5 3. Nd2 c5 4. exd5 Qxd5 5. Ngf3 cxd4 6. Bc4 Qc5 7. O-O Nc6 8.
Qe2 Nf6 9. Nb3 Qh5 10. Nbxd4 Nxd4 11. Nxd4 Qxe2 12. Bxe2 a6 13. Bf4 Nd5 14. Bg3
b5 15. c3 Bb7 16. a4 b4 17. c4 Nf6 18. Nb3 Rc8 19. c5 Ne4 20. Na5 Nxg3 21. hxg3
Bd5 22. Bxa6 Rxc5 23. Bb5+ Kd8 24. Rfc1 Kc7 25. Nc4 Bxc4 26. Bxc4 Kb6 27. b3
Be7 28. Rd1 Rd8 29. Rxd8 Bxd8 30. Rd1 Kc7 31. Bb5 Rd5 32. Rc1+ Kd6 33. Rc4 Ba5
34. Rc6+ Ke7 35. Kf1 Rd6 36. Rc8 Rd8 37. Rc2 Bb6 38. Ke2 f6 39. Rc6 Rd6 40. Rc8
Rd8 41. Rxd8 Kxd8 42. f3 Bc7 43. g4 Ba5 44. Kd3 Kc7 45. Kc4 h6 46. Be8 Kb6 47.
Bd7 f5 48. gxf5 exf5 49. Bxf5 Kc6 50. Bg6 Kb6 51. Be8 Ka6 52. Kc5 Bd8 53. Kxb4
Be7+ 54. Kc4 Ka5 55. Bg6 Ba3 56. f4 Bd6 57. f5 Be7 1/2-1/2